Revue de l'OCDE sur le droit et la politique de la concurrence
Saved in:
| Format: | Serial |
|---|---|
| Language: | English |
| Published: |
Paris
OECD
|
| Series: | Consurrence et réforme réglementaire
|
| Subjects: | |
| Tags: |
No Tags, Be the first to tag this record!
|
MARC
| LEADER | 00000nas1a2200000 4500 | ||
|---|---|---|---|
| 001 | s123766 | ||
| 005 | 20250709094851.7 | ||
| 022 | |a 1560-7798 | ||
| 022 | |a 1684-3452 | ||
| 041 | 0 | |a eng | |
| 044 | |a FR | ||
| 245 | 1 | 0 | |a Revue de l'OCDE sur le droit et la politique de la concurrence |
| 264 | 1 | |a Paris |b OECD | |
| 490 | 1 | |a Consurrence et réforme réglementaire | |
| 830 | 0 | |a Consurrence et réforme réglementaire | |
| 610 | 2 | 0 | |a konkurencia |
| 610 | 2 | 0 | |a právo |
| 610 | 2 | 0 | |a OECD publikácie |
| 610 | 2 | 0 | |a OECD |